• 首页
  • 本馆介绍
  • 公告通知
  • 最新文献
  • 馆藏检索
  • 电子资源
  • 读者导购
  • 参考咨询
  • 我的图书馆
  • 登录
  • 详细信息显示
  • 放入我的书架
  • 预约/预借图书
  • 作者相关作品
  • 分类相关作品
  • 丛书相关作品
  • 出版社相关作品

书目信息

  • 表格格式
  • 工作单格式
  • 卡片格式
题名:
水彩画的形与色
    
 
作者: 高崎尚昭 著 ;李玄 译
分册:  
出版信息: 武汉   湖北美术出版社  2019
页数: 103页
开本: 26cm
丛书名:
单 册:
中图分类: J235(313) , J2
科图分类:
主题词: 水彩画--作品集--日本--现代 , 绘画
电子资源:
ISBN: 978-7-5712-0114-2
000 00741nam0 2200253 450
001 2335208995
005 20231103094730.39
010    @a978-7-5712-0114-2@dCNY46.00
100    @a20191210d2019 em y0chiy50 ea
101 1  @achi@cjpn
102    @aCN@b420000
105    @aa z 000yy
200 1  @a水彩画的形与色@9shui cai hua de xing yu se@f(日)高崎尚昭著@g李玄译
210    @a武汉@c湖北美术出版社@d2019
215    @a103页@d26cm
300    @a绘·森·活
606 0  @a水彩画@x作品集@y日本@z现代
606 0  @a绘画
690    @aJ235(313)@v5
690    @aJ2@v4
701  0 @c(日)@a高崎尚昭@9gao qi shang zhao@f(1943-)@4著
702  0 @a李玄@9li xuan@4译
801  0 @aCN@b大连网信软件有限公司图书馆·11@c20231103
905    @aBZT@dJ2@e105
    
    水彩画的形与色/(日)高崎尚昭著/李玄译.-武汉:湖北美术出版社,2019
    103页;26cm
    绘·森·活
    
    ISBN 978-7-5712-0114-2:CNY46.00
    
●
相关链接 在五车中查询图书 在当当中查询图书 在豆瓣中查询图书


正题名:水彩画的形与色     索取号:J2/105         预约/预借

序号 登录号 条形码 馆藏地/架位号 状态 备注
1 2000942409   2000942409   第四书库/四36架A面3层6列/ [索取号:J2/105] 在馆    
2 2000942410   2000942410   第四书库/四36架A面3层6列/ [索取号:J2/105] 在馆    
3 2000942411   2000942411   第四书库/四36架A面3层6列/ [索取号:J2/105] 在馆    
4 2000942412   2000942412   第四书库/四36架A面3层6列/ [索取号:J2/105] 在馆    
5 2000942413   2000942413   第四书库/四36架A面3层6列/ [索取号:J2/105] 在馆    
6 2000942414   2000942414   第四书库/四36架A面3层6列/ [索取号:J2/105] 在馆    
山东省滨州职业学院图书馆 欢迎您!
大连网信软件有限公司© 版权所有